Τα θαλασσινά : ναυτική νησιώτικη λαογραφία
Αποθηκεύτηκε σε:
| Κύριος συγγραφέας: | |
|---|---|
| Μορφή: | Βιβλίο |
| Γλώσσα: | Greek |
| Δημοσίευση: |
Σύρος :
Εκδόσεις "Θάρρους",
1949
|
| Θέματα: | |
| Ετικέτες: |
Προσθήκη ετικέτας
Δεν υπάρχουν, Καταχωρήστε ετικέτα πρώτοι!
|
MARC
| LEADER | 00000cam a2200000 i 4500 | ||
|---|---|---|---|
| 001 | 1/67905 | ||
| 008 | 150226s1949 gre d | ||
| 035 | |l 10121254 | ||
| 040 | |a GR-MY-UA |b gre |e aacr | ||
| 041 | 0 | |a gre | |
| 082 | 0 | |a 398.09495 |2 (23) | |
| 100 | 1 | |a Σύριος, Άγγελος. | |
| 245 | 1 | 3 | |a Τα θαλασσινά : |b ναυτική νησιώτικη λαογραφία / |c Άγγελου Σύριου (Ε. Μονογυιού) |
| 260 | |a Σύρος : |b Εκδόσεις "Θάρρους", |c 1949 | ||
| 300 | |a 39 σ.; |c 22 εκ. | ||
| 650 | 0 | 0 | |a Folklore |z Greece. |
| 852 | |a INST |b SYROS |c KYK |e 20150226 |h 398.09495 ΣΥΡ |p 005500012157 |q 005500012157 |t BK |y 0 | ||
| 901 | |a BIBL5-2015-1 | ||
| 909 | |a Ε |b 187362 | ||
| 970 | |a ΚΟΝΤΟΥ |b ΠΑΡΑΣΚΕΥΗ |z 2015/02/26 | ||